ბათუმის შოთა რუსთაველის სახელმწიფო უნივერსიტეტის ბიბლიოთეკა

მეამბოხენი (ბიბ.ჩანაწერი № 42813)

000 -LEADER
fixed length control field 00715nam a2200229Ia 4500
001 - CONTROL NUMBER
control field 9519
003 - CONTROL NUMBER IDENTIFIER
control field GE_BSU
008 - FIXED-LENGTH DATA ELEMENTS--GENERAL INFORMATION
fixed length control field 181216s||||||||xx |||||||||||||| ||und||
040 ## - CATALOGING SOURCE
Transcribing agency GE_BSU
080 ## - UNIVERSAL DECIMAL CLASSIFICATION NUMBER
Universal Decimal Classification number 821.353.1–32
100 ## - MAIN ENTRY--PERSONAL NAME
Personal name მაღულარია,გივი
245 ## - TITLE STATEMENT
Title მეამბოხენი
245 ## - TITLE STATEMENT
Remainder of title ისტ.მოთხრობები
245 ## - TITLE STATEMENT
Statement of responsibility, etc. რედ.ნ.ჩირაძე.მხატვ:გ.ქლიბაძე
260 ## - PUBLICATION, DISTRIBUTION, ETC.
Place of publication, distribution, etc. თბილისი
260 ## - PUBLICATION, DISTRIBUTION, ETC.
Name of publisher, distributor, etc. ნაკადული
260 ## - PUBLICATION, DISTRIBUTION, ETC.
Date of publication, distribution, etc. 1973
300 ## - PHYSICAL DESCRIPTION
Extent 218გვ;ილ;17სმ
653 ## - INDEX TERM--UNCONTROLLED
Uncontrolled term ისტ.მოთხრობები
653 ## - INDEX TERM--UNCONTROLLED
Uncontrolled term მეამბოხენი
942 ## - ADDED ENTRY ELEMENTS (KOHA)
Koha item type წიგნი
ეგზემპლარები
Withdrawn status Lost status Damaged status Not for loan Date acquired Barcode Date last seen Price effective from Koha item type Public note
        2018-12-17 32541 2018-12-17 2018-12-17 წიგნი 20 თეთრი
        2018-12-17 32542 2018-12-17 2018-12-17 წიგნი  
        2018-12-17 32543 2018-12-17 2018-12-17 წიგნი  
        2018-12-17 32544 2018-12-17 2018-12-17 წიგნი  
        2018-12-17 32545 2018-12-17 2018-12-17 წიგნი